01227nam a22003134a 4500001001200000003000800012006001900020007001500039008004100054010001700095020002800112040002100140035002100161050002300182082001600205245011800221260004400339300002400383504006400407533015200471650003100623650001900654650002400673655002900697700002500726710001700751856012600768999001900894ebr10201347CaPaEBRm u cr cn|||||||||060511s2006 njua sb 001 0 eng  z 2006042168 z9812567089 (alk. paper) aCaPaEBRcCaPaEBR a(OCoLC)61446389914aQA295b.M86 2006eb04a515/.2622200aMultiplicative inequalities of Carlson type and interpolationh[electronic resource] /cLeo Larsson ... [et al.]. aNew Jersey :bWorld Scientific,cc2006. axiv, 201 p. :bill. aIncludes bibliographical references (p. 193-197) and index. aElectronic reproduction.bPalo Alto, Calif. :cebrary,d2013.nAvailable via World Wide Web.nAccess may be limited to ebrary affiliated libraries. 0aInequalities (Mathematics) 0aInterpolation. 0aNumerical analysis. 7aElectronic books.2local1 aLarsson, Leo,d1972-2 aebrary, Inc.40uhttp://site.ebrary.com/lib/rucke/Doc?id=10201347zAn electronic book accessible through the World Wide Web; click to view c120057d120057